UFC Fighter Nicknames - Statistics

General Stats
  • This quiz has been taken 197 times
  • The average score is 12 of 20
Answer Stats
Nickname Full name % Correct
The Spider Anderson Silva
97%
El Cucuy Tony Ferguson
94%
The Notorious Connor McGregor
92%
Rampage Quinton Jackson
92%
Wonderboy Stephen Thompson
86%
Rush Georges St. Pierre
84%
The Iceman Chuck Liddell
80%
No Love Cody Garbrandt
72%
Rowdy Ronda Rousey
71%
The California Kid Urijah Faber
65%
The Prodigy BJ Penn
56%
The Dragon Lyoto Machida
55%
Skyscraper Stefan Struve
53%
The Preacher's Daughter Holly Holm
52%
Bullet Valentina Shevchenko
52%
The Karate Hottie Michelle Waterson
35%
Cupcake Miesha Tate
35%
Cyborg Cristiane Justino
23%
The Tazmexican Devil Ray Borg
22%
The Maine-iac Tim Sylvia
9%
No matching quizzes found
Score Distribution
Percent of People with Each Score
Percentile by Number Answered
Your Score History
You have not taken this quiz